Ekonomi alam sekitar : teori dan amalan

Bibliographic Details
Main Author: Khalid Abdul Rahim
Format: Book
Published: Serdang : Penerbit Universiti Pertanian Malaysia, , 1991
Subjects:

MARC

LEADER 00000cam a2200000 7i4500
001 0000003192
005 20050310.0
020 0 0 |a 967995269x 
090 0 0 |a 333.7   |b KHA 
100 0 0 |a Khalid Abdul Rahim 
245 0 0 |a Ekonomi alam sekitar :   |b teori dan amalan   |c Khalid Abdul Rahim 
260 0 0 |a Serdang :   |b Penerbit Universiti Pertanian Malaysia, ,   |c 1991 
300 |a 97 ms. :   |b il. ;   |c 23 cm. 
521 0 0 |a Dewasa 
650 0 0 |a Economics 
650 0 0 |a Environmental policy   |z Malaysia 
650 0 0 |a Pollution   |x Economic aspects 
999 |a 0000006124   |b Monograph   |c Open Shelf   |e Default branch